Подробности
| 000 -МАРКЕР |
| контрольное поле |
01983nam2a22003371 4500 |
| 001 - ИДЕНТИФИКАТОР ЗАПИСИ |
| контрольное поле |
rc\3307557 |
| 005 - ИДЕНТИФИКАТОР ВЕРСИИ |
| контрольное поле |
20260405221718.0 |
| 010 ## - МЕЖДУНАРОДНЫЙ СТАНДАРТНЫЙ НОМЕР КНИГИ (ISBN) |
| Уточнения |
В пер. |
| Цена |
2 р. 30 к. |
| Тираж |
200000 |
| 021 ## - НОМЕР ГОСУДАРСТВЕННОЙ РЕГИСТРАЦИИ |
| Код страны |
Российская Федерация |
| Номер |
[72-51119] |
| 035 ## - ДРУГИЕ СИСТЕМНЫЕ НОМЕРА |
| Идентификатор записи |
(NLR Aleph) 007503164 |
| 100 ## - ДАННЫЕ ОБЩЕЙ ОБРАБОТКИ |
| Данные общей обработки |
20130115d1972 |||y0rusy50 ca |
| 101 0# - ЯЗЫК РЕСУРСА |
| Язык текста, звукозаписи и т.д. |
русский |
| 102 ## - СТРАНА ПУБЛИКАЦИИ ИЛИ ПРОИЗВОДСТВА |
| Страна публикации |
Российская Федерация |
| 105 ## - ПОЛЕ КОДИРОВАННЫХ ДАННЫХ: ТЕКСТОВЫЕ МАТЕРИАЛЫ, МОНОГРАФИЧЕСКИЕ |
| Кодированные данные о монографическом текстовом документе |
c z |||a| |
| 200 1# - ЗАГЛАВИЕ И СВЕДЕНИЯ ОБ ОТВЕТСТВЕННОСТИ |
| Основное заглавие |
Повести и рассказы |
| Сведения, относящиеся к заглавию |
1848-1859 |
| Первые сведения об ответственности |
[ред. А.С. Долинин, Е.И. Кийко |
| Последующие сведения об ответственности |
примеч. Н.М. Перлиной, Н.Н. Соломиной] |
| 210 ## - ПУБЛИКАЦИЯ, РАСПРОСТРАНЕНИЕ И ДР. |
| Дата издания, распространения и т.д. |
1972 |
| Место издания, распространения и т.д. |
Б. м. |
| 215 ## - ФИЗИЧЕСКАЯ ХАРАКТЕРИСТИКА |
| Специфическое обозначение материала и объем |
527 с., 1 л. портр. |
| 320 ## - ПРИМЕЧАНИЯ О НАЛИЧИИ В ДОКУМЕНТЕ БИБЛИОГРАФИИ / УКАЗАТЕЛЯ |
| Текст примечания |
Список литературы в примеч.: с. 524-526 |
| 461 #0 - УРОВЕНЬ НАБОРА |
| Встроенное поле |
001rc\3307555 |
| -- |
2001#$aПолное собрание сочинений$eв 30-ти томах$fФ.М. Достоевский$g[ред. коллегия: В.Г. Базанов (гл. ред.) и др.]$gАН СССР. Ин-т рус. литературы (Пушкинский дом)$vТ. 2 |
| Системный номер (АБИС) связанной записи |
7672223 |
| Автор |
Достоевский, Ф. М. (1821-1881) |
| Место публикации |
Ленинград |
| Дата публикации |
1972-1990 |
| Первые сведения об ответственности |
Ф.М. Достоевский |
| Имя издателя, распространителя и т.д. |
Наука. Ленинградское отделение |
| Сведения, относящиеся к заглавию |
в 30-ти томах |
| Физическая характеристика |
33 т. |
| Заглавие |
Полное собрание сочинений |
| Номер тома |
Т. 2 |
| 702 #1 - ИМЯ ЛИЦА - ВТОРИЧНАЯ ОТВЕТСТВЕННОСТЬ |
| Код отношения |
Комментатор печатного текста |
| Начальный элемент ввода |
Перлина |
| Часть имени, кроме начального элемента ввода |
Н. М. |
| Дополнения к именам, кроме дат |
литературовед |
| Даты |
1939- |
| Расширение инициалов личного имени |
Нина Моисеевна |
| Системный номер авторитетной/нормативной записи |
176323 |
| Идентификатор авторитетной/нормативной записи |
RU\NLR\AUTH\770176374 |
| 702 #0 - ИМЯ ЛИЦА - ВТОРИЧНАЯ ОТВЕТСТВЕННОСТЬ |
| Код отношения |
Комментатор печатного текста |
| Начальный элемент ввода |
Ксения |
| Дополнения к именам, кроме дат |
Соломина-Минихен, Наталья Николаевна |
| -- |
монахиня |
| Даты |
1938- |
| Системный номер авторитетной/нормативной записи |
147860 |
| Идентификатор авторитетной/нормативной записи |
RU\NLR\AUTH\770147896 |
| 702 #1 - ИМЯ ЛИЦА - ВТОРИЧНАЯ ОТВЕТСТВЕННОСТЬ |
| Начальный элемент ввода |
Кийко |
| Часть имени, кроме начального элемента ввода |
Е.И. |
| Расширение инициалов личного имени |
Евгения Ивановна |
| Код отношения |
Редактор |
| 702 #1 - ИМЯ ЛИЦА - ВТОРИЧНАЯ ОТВЕТСТВЕННОСТЬ |
| Код отношения |
Редактор |
| Графика поля |
Кириллица |
| Материалы, к которым относится поле |
rus |
| Начальный элемент ввода |
Долинин |
| Часть имени, кроме начального элемента ввода |
А. С. |
| Дополнения к именам, кроме дат |
литературовед |
| Даты |
1883-1968 |
| Расширение инициалов личного имени |
Аркадий Семенович |
| Системный номер авторитетной/нормативной записи |
82924 |
| Идентификатор авторитетной/нормативной записи |
RU\NLR\AUTH\7799998 |
| 801 #0 - ИСТОЧНИК ЗАПИСИ |
| Страна |
Российская Федерация |
| Организация |
NLR |
| Правила каталогизации |
psbo |
| 801 #1 - ИСТОЧНИК ЗАПИСИ |
| Страна |
Российская Федерация |
| Организация |
ELAR |
| Источник данных |
rusmarc |
| 801 #2 - ИСТОЧНИК ЗАПИСИ |
| Страна |
Российская Федерация |
| Организация |
NLR |
| Дата составления |
20170801 |
| Источник данных |
rusmarc |
| 852 ## - МЕСТОНАХОЖДЕНИЕ И ШИФР ХРАНЕНИЯ |
| Идентификатор организации |
NLR |
| Шифр хранения (Call Number) |
72-5/1501 |
| 942 ## - ДОПОЛНИТЕЛЬНЫЕ ЭЛЕМЕНТЫ ЗАПИСИ (АБИС) |
| Тип экземпляра АБИС |
Книга |
| 980 ## - КОЛЛЕКЦИЯ |
| Название коллекции |
Национальная библиография |